MDQL
is popping MORE tags! Check the
thread
!
Quizzes
Events
Quiz Creation
Community
Videos
Private Events
Remove Ads
Sign In
Join for FREE
Feedback
Dark Mode
Quiz Categories
Sports
Geography
Music
Movies
Television
Just For Fun
Miscellaneous
History
Literature
Language
Science
Gaming
Entertainment
Religion
Holiday
For Kids
Quiz Lab
Recent
Popular Today
Quiz Kudos Today
Editor Picks
Curator Picks
Quizzes by...
Day
Popularity
Type
Ratings
Length
Year
Community
Subscriptions
Recent Discussions
Orange Saloon
Badges
Playlists
Quests
Create
Leaderboards
Showdown
Live 5
Trivia Bingo
Activity
Puzzle Library
Sporcle Events
Private Events
Virtual Trivia
Globe League
Become a Host
Pub Owners
SporcleCon
Opinionation
Our Games
Videos
Blog
Mobile Apps
Partnerships
Remove Ads and Go Orange
Feedback
Geography
Country
Landmarks
City
State
Population
World
Capital
Continent
Flags
Europe
Africa
Asia
South America
North America
Oceania
Border
Canada
United Kingdom
Topography
United States
Geography
Country
Landmarks
City
State
Population
World
Capital
Continent
Flags
Europe
Africa
Asia
South America
North America
Oceania
Border
Canada
United Kingdom
Topography
United States
Random Quiz
Search Sporcle
×
Quiz Lab
Quiz Lab
Geography
United Kingdom
Select answers by clicking on text or image buttons
Select answers by clicking on text or image buttons
Clickable
Best Score? Go Orange.
Foreign-Born Population: UK Minefield Stats
Can you click the 30 largest immigrant groups of the UK?
By
tidal93341
3m
30 Questions
121 Plays
121 Plays
121 Plays
Comments
Comments
Give Quiz Kudos
Give Quiz Kudos
-
- Ratings
hide this ad
More Info
Replay
Link that replays current quiz
Next Quiz
Link to next quiz in quiz playlist
You Got
0%
They Got
Avg Score
76%
Avg Friend Score
Upgrade to see
Score Distribution
Jump to the score distribution portion of the page
Score
0/30
Timer
03:00
0
Plays Today
% Correct
India
96.7%
Ireland
95%
Poland
94.2%
Pakistan
91.7%
Australia
91.7%
China
90.9%
Bangladesh
90.9%
France
90.1%
Germany
89.3%
Jamaica
88.4%
Nigeria
86.8%
USA
85.1%
South Africa
82.6%
Spain
81.8%
Italy
79.3%
% Correct
Sri Lanka
79.3%
Romania
76%
Canada
74.4%
Kenya
73.6%
Ghana
68.6%
Lithuania
64.5%
Turkey
64.5%
Iran
61.2%
Portugal
60.3%
Somalia
59.5%
Philippines
54.5%
Zimbabwe
54.5%
Iraq
54.5%
Cyprus
51.2%
Malaysia
50.4%
Quiz Playlist
Details
Report
Send in Message
Add To Playlist
More Info:
I used Wikipedia as my source.
Clickable:
Select answers by clicking on text or image buttons
Last Updated: Feb 16, 2017
Quiz Scoreboard
CHALLENGE
Sign Up to Join the Scoreboard
Show All
Scores
Hide
Comments
May contain spoilers
Recently Published
5x2 Blitz: Bands
by SL_Kpop136
Music
30s
Colored Red Africa Blitz
by spor1
Geography
30s
Find the 'City' Movie
by crazypaving
Movies
60s
More to Explore
Quiz From the Vault
Featured Blog Post
14 Easter Pick-up Lines to Find Eggs With
hide this ad
You Might Also Like...
Tags
United Kingdom Quiz
diaspora
foreign
Foreign Born
immigrant
immigrate
immigration
Largest Immigrant
Today's Top Quizzes in Geography
Browse Geography
hide this ad
Today's Top Quizzes in United Kingdom
Browse United Kingdom
Top Contributed Quizzes in Geography
1
Colored Red Europe Blitz I
2
Countries of the World - No Outlines Minefield
3
Colored Red Africa Blitz II
4
Colored Red Europe Blitz II
5
Colored Red Europe Blitz III
6
Colored Red Africa Blitz III
7
Colored Red States Blitz I
8
Colored Red States Blitz II
9
Lietuvos savivaldybės (Lithuanian Municipalities)
10
A Different View: World Oceans
Explore More
Trending Topics
Anime
Marvel
Disney
NBA
Harry Potter
Crossword
Kpop
Soccer
The Office
NFL
WWE
Puzzle
Pokémon
Song
Country
hide this ad
More By:
tidal93341
Quiz
Plays
Rating
Category
Featured
Created
UK Immigrant Origin Countries by Continent
40,994
4.58
Geography
Nov 8, 2015
Anything but Vietnam
39,545
4.66
Geography
Aug 14, 2015
Foreign-Born Population: Malta
31,759
4.52
Geography
Mar 13, 2017
Second Largest Religion by Country
18,849
4.38
Religion
Feb 6, 2015
British Diaspora
7,412
4.67
Geography
Oct 7, 2015
Go to Creator's Profile
Score Distribution
Quiz Creator Spotlight
tidal93341
Follow
Send a Message
Quizzes Created
-
Created Quiz Play Count
-
More By This Creator
Popular Quizzes Today
1
Colored Red Africa Blitz
2
Find the US States - No Outlines Minefield
3
Find the 'City' Movie
4
5x2 Blitz: Bands
5
The Countries of the World
6
Find the US States
7
US States
8
Find the Countries of Europe - No Outlines Minefield
More Geography Quizzes
Fix a Country with another Country
Curator's Pick
Trending Quizzes
Colored Red Europe Blitz I
Colored Red Europe Blitz II
Colored Red Africa Blitz II
Colored Red Europe Blitz III
Colored Red Africa Blitz III
Recently Updated
How Do You Spell That?
pecheneg
Godzilla Movies
pecheneg
Grab Bag: 4-10 Letters
pecheneg
2024 March Madness Bracket
pecheneg
Famous TV Couples
Peacemaker
Champions League XIs: Real Madrid
pecheneg
Largest US Cities 1790-2010
pecheneg
Rides in Walt Disney World
pecheneg
Most Oscar Losses (Acting)
pecheneg
Beyoncé Albums
pecheneg
Trending Topics
Harry Potter
Kpop
Disney
Marvel
Crossword
NBA
Anime
Country
Soccer
NFL
Pokémon
Puzzle
The Office
Song
WWE
Your Account Isn't Verified!
In order to create a playlist on Sporcle, you need to verify the email address you used during registration. Go to your
Sporcle Settings
to finish the process.
Report this User
Report this user for behavior that violates our
Community Guidelines
.
Details:
Send Report
Go to the Sporcle.com Mobile Site →
Comments